Least Populous European Capitals Quiz Stats

 Plays Quiz Updated Sep 20, 2018

Score 0/17 Timer 03:00
0 Plays Today
Population Capital % Correct
~1,000Vatican City
94.4%
~4,000San Marino
85.7%
~37,500Monaco
83.4%
~116,500Luxembourg
82.2%
~5,500Vaduz
76.9%
~19,500Andorra la Vella
72.2%
~5,500Valletta
67%
~125,000Reykjavik
65.8%
~431,000Tallinn
63.6%
Population Capital % Correct
~55,000Nicosia
63.6%
~134,000Bern
59.3%
~145,000Pristina
57.1%
~281,000Ljubljana
52.7%
~151,000Podgorica
52.5%
~418,500Tirana
50.8%
~429,500Bratislava
50.7%
~348,500Sarajevo
48.6%

You're not logged in!

Compare scores with friends on all Sporcle quizzes.
OR
Log In

Sporcle TV

Today on Sporcle TV


Watch our educational content, quiz creation guides, and fun videos on Sporcle TV.

Show Comments

Extras

Top Quizzes Today


Score Distribution

Your Account Isn't Verified!

In order to create a playlist on Sporcle, you need to verify the email address you used during registration. Go to your Sporcle Settings to finish the process.

Report this User

Report this user for behavior that violates our Community Guidelines.

Details: